| 000 | 00947nam a22002657a 4500 | ||
|---|---|---|---|
| 008 | 160503b xxu||||| |||| 00| 0 eng d | ||
| 020 | _a9789718211601 | ||
| 082 |
_22009 _aDFil 793.3 _bD71 |
||
| 245 |
_aPhysical education II: _bbeginner's dance book/ |
||
| 260 |
_aMalabon City: _bMutya Publishing House, Inc., _cc2009. |
||
| 300 |
_a238 pages: _billustrations; _c25 cm. |
||
| 500 | _aInclude bibliography. | ||
| 650 | 0 |
_97337 _aPhysical education _xStudy and teaching |
|
| 700 |
_97341 _aDomingo, John Paul R. _eAuthor |
||
| 700 |
_97342 _aAlonte, Joanna B. _eAuthor |
||
| 700 |
_97343 _aCo, Paulina A. _eAuthor |
||
| 700 |
_97345 _aAlonte, Adeluisa B. _eAuthor |
||
| 700 |
_97348 _aCong-O, Danilo L. _eAuthor |
||
| 700 |
_97349 _aGarcia, Flordeliza V. _eAuthor |
||
| 700 |
_97350 _aNimor, Ceasar F. _eAuthor |
||
| 700 |
_97352 _aJanson, Mila C. _eAuthor |
||
| 700 |
_97354 _aNazuel, Herman A. _eAuthor |
||
| 365 |
_b508.75 _cPhp. |
||
| 942 |
_2ddc _cDFIL |
||
| 999 |
_c2245 _d2245 |
||